000 00436pab a2200157 454500
008 180718b2015 xxu||||| |||| 00| 0 eng d
100 _aGupta, Dipankar
245 _aImportance of being 'Rurban': tracking changes in a traditional setting
260 _c2015
300 _ap.37-43.
362 _a13 Jun
650 _aUrban development
650 _aRural development
773 _aEconomic and Political Weekly
909 _a108071
999 _c108066
_d108066